000 01482cam a2200325 4500
001 ##E131407
008 050826n2005 000 0 eng u
020 _a1904388361
035 _a(Sirsi) u131407
041 0 _aeng
050 0 4 _a690.25 $2 18
100 1 _aRichardson, Clive
245 _aStructures
_bthe structural failures, repair and reuse of Georgian, Victorian, and 20th century buildings
_ba CPD study pack
260 _aReading
_bCollege of Estate Management
_c2005
300 _a39p.
_c30cm
350 _a37
490 _aCollege of Estate Management CPD Study Pack
520 _aThis CPD pack will be of particular relevance to those involved in the surveying of buildings, those involved in the conservation of buildings, those with interests in the history of buildings and those who aspire to become home inspectors. It is a user-friendly guide to the identification of building styles and materials usage, with associated building defects from 1750 to the present day, including structural problems, and the philosophy of structural repairs and conservation.
520 _aNo audio tape is included
590 _aIKA030106
650 _aGEORGIAN PROPERTY
650 _aRE-USE
650 _aSTRUCTURAL FAILURES
650 _aTWENTIETH CENTURY
650 _aVICTORIAN PROPERTY
690 _aBUILT ENVIRONMENT-BUILDING INSPECTION-STRUCTURAL SURVEYING
700 _aHough, Graham
710 2 _aCollege of Estate Management
_9400
942 _n0
999 _c104750
_d104750